Abundance / Hafeez Lakhani.
Available copies
- 2 of 2 copies available at LARL/NWRL Consortium.
- 2 of 2 copies available at Lake Agassiz Regional Library. (Show preferred library)
Current holds
0 current holds with 2 total copies.
Show Only Available Copies
| Location | Call Number / Copy Notes | Barcode | Shelving Location | Status | Due Date |
|---|---|---|---|---|---|
| Detroit Lakes Public Library | LAK (Text) | 33500014386676 | New | Available | - |
| Moorhead Public Library | LAK (Text) | 33500014386684 | New | Available | - |
Record details
- ISBN: 9781640097568
- ISBN: 1640097562
- Physical Description: 292 pages ; 22 cm
- Edition: First Counterpoint edition.
- Publisher: California : Counterpoint, 2026.
- Copyright: ©2026
Content descriptions
| Summary, etc.: | "In suburban Miami, sixty-year-old ... Read More |
Search for related items by subject
| Genre: | Domestic fiction. Fiction. Novels. |
| LDR | 03727cam a22006138i 4500 | ||
|---|---|---|---|
| 001 | 485330 | ||
| 003 | LARL_NWRL_CONSORTIUM | ||
| 005 | 20260601143910.0 | ||
| 008 | 251217t20262026cau e 000 1 eng | ||
| 010 | . | ‡a 2025052133 | |
| 040 | . | ‡aDLC ‡beng ‡erda ‡cDLC ‡dOCLCO ‡dTOH ‡dCLE ‡dIH9 ‡dGP5 ‡dIUK ‡dOCLCO ‡dIMT | |
| 020 | . | ‡a9781640097568 ‡q(hardcover) | |
| 020 | . | ‡a1640097562 ‡q(hardcover) | |
| 020 | . | ‡z9781640097575 ‡q(ebook) | |
| 035 | . | ‡a(OCoLC)1531470003 | |
| 042 | . | ‡apcc | |
| 082 | 0 | 4. | ‡a813/.6 ‡223 |
| 100 | 1 | . | ‡aLakhani, Hafeez, ‡eauthor. ‡4aut ‡4http://id.loc.gov/vocabulary/relators/aut ‡1http://id.loc.gov/rwo/agents/n2025521181 |
| 245 | 1 | 0. | ‡aAbundance / ‡cHafeez Lakhani. |
| 250 | . | ‡aFirst Counterpoint edition. | |
| 264 | 1. | ‡aCalifornia : ‡bCounterpoint, ‡c2026. | |
| 264 | 4. | ‡c©2026 | |
| 300 | . | ‡a292 pages ; ‡c22 cm | |
| 334 | . | ‡asingle unit ‡bmono ‡0http://id.loc.gov/vocabulary/issuance/mono | |
| 336 | . | ‡atext ‡btxt ‡2rdacontent ‡0http://id.loc.gov/vocabulary/contentTypes/txt | |
| 337 | . | ‡aunmediated ‡bn ‡2rdamedia ‡0http://id.loc.gov/vocabulary/mediaTypes/n | |
| 338 | . | ‡avolume ‡bnc ‡2rdacarrier ‡0http://id.loc.gov/vocabulary/carriers/nc | |
| 520 | . | ‡a"In suburban Miami, sixty-year-old Sakeena--co-owner of a Dunkin' franchise along with her husband, Ramzan--has nine months to live unless she consents to an organ transplant. Thirty years ago, at Ramzan's behest, she left her beloved Rawalpindi, India, for the United States. In the years that followed, she compromised her belief in naseeb, the Muslim notion of destiny, and acquiesced to fertility treatments. This time, she is adamant that she should live as intended--without medical intervention. As her health deteriorates, Ramzan desperately seeks to reunite their grown children with the hope of convincing Sakeena to extend her life. But there are complications. Eldest daughter Fareen is consumed by an important business deal that, if successful, will land her a highly desired (and lucrative) promotion. Meanwhile, youngest son Adnan is living abroad and unable to return to the States due to his own unscrupulous business practices, a pattern stretching back to his adolescence. If they have any hope of saving their mother's life, the siblings must take extraordinary action to wrestle with their life choices, actions that reveal the always-present tension between ambition and fate"-- ‡cProvided by publisher. | |
| 650 | 0. | ‡aPakistani Americans ‡vFiction. | |
| 650 | 0. | ‡aMuslim families ‡vFiction. | |
| 650 | 0. | ‡aFamilies ‡vFiction. ‡0(LARL_NWRL_CONSORTIUM)164942 | |
| 650 | 0. | ‡aTerminally ill ‡vFiction. ‡0(LARL_NWRL_CONSORTIUM)167693 | |
| 650 | 0. | ‡aFate and fatalism ‡vFiction. ‡0(LARL_NWRL_CONSORTIUM)172079 | |
| 651 | 0. | ‡aMiami (Fla.) ‡vFiction. ‡0(LARL_NWRL_CONSORTIUM)166033 | |
| 650 | 7. | ‡aFICTION / Family Life / Multigenerational. ‡2bisacsh | |
| 655 | 7. | ‡aDomestic fiction. ‡2lcgft | |
| 655 | 7. | ‡aFiction. ‡2lcgft | |
| 655 | 7. | ‡aNovels. ‡2lcgft | |
| 758 | . | ‡1http://id.loc.gov/resources/instances/in00024367790 | |
| 758 | . | ‡4http://id.loc.gov/ontologies/bibframe/instanceOf ‡1http://id.loc.gov/resources/works/in00024367790 | |
| 884 | . | ‡aDLC bibframe2marc v3.1-dev ‡g20251217 ‡qDLC ‡uhttps://github.com/lcnetdev/bibframe2marc/tree/v3.1-dev | |
| 901 | . | ‡a485330 ‡bOCoLC ‡c485330 ‡tbiblio ‡soclc | |

Add to basket
Permalink
Disable Highlighting